Boeing 737 / (Record no. 543170)

000 -LEADER
fixed length control field 00550nam a2200169 a 4500
020 ## - INTERNATIONAL STANDARD BOOK NUMBER
International Standard Book Number 0710604246 :
082 00 - DEWEY DECIMAL CLASSIFICATION NUMBER
Classification number 387.7
Author Mark SMI
100 1# - MAIN ENTRY--PERSONAL NAME
Personal name Smith, P. R.
9 (RLIN) 38553
245 10 - TITLE STATEMENT
Title Boeing 737 /
Statement of responsibility, etc. P.R. Smith.
260 ## - PUBLICATION, DISTRIBUTION, ETC.
Place of publication, distribution, etc. London ;
-- New York, NY :
Name of publisher, distributor, etc. Jane's Pub. Co. in conjunction with DPR Marketing and Sales,
Date of publication, distribution, etc. 1986.
300 ## - PHYSICAL DESCRIPTION
Extent 64 p. :
Other physical details col. ill. ;
Dimensions 20 x 25 cm.
490 1# - SERIES STATEMENT
Series statement Air portfolios ;
526 ## - STUDY PROGRAM INFORMATION NOTE
Program name 0
Interest level 0
Reading level 0
Title point value 387_700000000000000_SMI
650 #0 - SUBJECT ADDED ENTRY--TOPICAL TERM
Topical term or geographic name entry element Boeing 737 (Jet transport)
General subdivision Pictorial works.
9 (RLIN) 38554
650 #0 - SUBJECT ADDED ENTRY--TOPICAL TERM
Topical term or geographic name entry element MCE
9 (RLIN) 379
942 ## - ADDED ENTRY ELEMENTS (KOHA)
Source of classification or shelving scheme
Koha item type Book
Holdings
Withdrawn status Lost status Source of classification or shelving scheme Damaged status Not for loan Permanent Location Current Location Date acquired Total Checkouts Full call number Barcode Date last seen Price effective from Koha item type
          Military College of Engineering (MCE) Military College of Engineering (MCE) 03/10/2014   387.7 SMI MCE-35132 02/14/2019 03/10/2014 Book
© 2023 Central Library, National University of Sciences and Technology. All Rights Reserved.